000
00438nam a2200145Ia 4500
008
100204s9999 xx 000 0 und d
082
_b
7932
100
_a
सिनकर श्रीकांत
245
_a
आरोपपत्र
260
_b
"दिलिप प्रकाशन , मुंबई"
_c
1977
300
_a
224
630
_a
आरोपपत्र
730
_a
आरोपपत्र
942
_c
BOOK
999
_c
452368
_d
452365